|
|
|
|
| LEADER |
01053nam a2200229 a 4500 |
| 001 |
000598214 |
| 003 |
CZ BrMZK |
| 005 |
20020513094605.0 |
| 008 |
020503s1922 fr f fre d |
| 040 |
|
|
|a BOA001
|b cze
|
| 100 |
0 |
|
|a Jan od Kříže,
|c svatý,
|d 1542-1591
|7 jn19981001584
|4 aut
|
| 245 |
1 |
0 |
|a Poèmes mystiques de Saint Jean de la Croix /
|c traduction en vers français avec le texte espagnol en regard par un frère des Écoles chrétiennes ; préface de M. Maurice Brillant ; honorée d'une lettre de S.G. Mgr Baudrillart
|
| 260 |
|
|
|a Paris :
|b Gabriel Beauchesne,
|c 1922
|
| 300 |
|
|
|a 122 s. :
|b il. ;
|c 23 cm
|
| 563 |
|
|
|a Z knihovny J. Floriana
|
| 610 |
2 |
7 |
|a Moravská zemská knihovna (Brno, Česko).
|b Florianova knihovna
|7 mzk2006318440
|2 czenas
|
| 700 |
1 |
|
|a Baudrillart, Alfred,
|d 1859-1942
|7 mzk2002109953
|4 wfw
|
| 700 |
1 |
|
|a Brillant, Maurice,
|d 1881-1953
|7 mzk2002109958
|4 wfw
|
| 910 |
|
|
|a BOA001
|b FLO-1102.468
|
| 990 |
|
|
|a BK
|
| 993 |
|
|
|a Y
|
| 996 |
6 |
|
|b 2610160028
|c FLO-1102.468
|l MZK
|r Sklad / do 24 hodin
|n 2
|p kup
|w 000598214
|u 000010
|a 1
|e BOA001
|j MZK50
|s P
|